[Event "Benidorm Bali op-B 21st"]
[Site "Benidorm"]
[Date "2024.12.02"]
[Round "5"]
[White "Hade, Shantanu"]
[Black "Bezhenar, Georgy"]
[Result "0-1"]
[WhiteElo "1819"]
[BlackElo "1992"]
[PlyCount "78"]
[EventDate "2024.11.29"]
[EventType "swiss"]
[EventRounds "9"]
[EventCountry "ESP"]
[SourceTitle "CB50_2024"]
[SourceDate "2024.11.01"]
[SourceVersion "1"]
[SourceVersionDate "2024.11.01"]
[SourceQuality "2"]

1. d4 Nf6 2. Bf4 e6 3. e3 d5 4. Bd3 c5 5. c3 Bd6 6. Bg3 0-0 7. Nf3 b6 8. Ne5 Qc7 9. Na3 a6 10. Qa4 Bb7 11. Rc1 b5 12. Qd1 c4 13. Bb1 b4 14. cxb4 Bxb4+ 15. Kf1 Qa5 16. Bh4 Nbd7 17. Qc2 g6 18. Bxf6 Nxf6 19. h4 c3 20. b3 Qxa3 21. h5 Qb2 22. hxg6 fxg6 23. Nd3 Qxc2 24. Rxc2 a5 25. a3 Ba6 26. Ke2 Bxa3 27. Rxc3 Ne4 28. Rc7 h5 29. Ke1 Bxd3 30. Bxd3 Nxf2 31. Rh4 Nxd3+ 32. Ke2 Nf2 33. Rc6 Ne4 34. Rxe6 Rf2+ 35. Kd1 Rc8 36. Rxg6+ Kf7 37. Rf4+ Rxf4 38. Ra6 Rf2 39. Ra7+ Kf8 0-1